| 000 | 00973nam a2200241 a 4500 | ||
|---|---|---|---|
| 999 |
_c10787 _d10787 |
||
| 001 | 10787 | ||
| 003 | BD-JhCC | ||
| 005 | 20190403100714.0 | ||
| 008 | 190403s2014 bg |||| |||| 000 0 mul d | ||
| 020 | _a9789849023074 | ||
| 035 | _a(BD-JhCC)10787 | ||
| 040 |
_aBD-JhCC _dBD-JhCC |
||
| 041 | _aBengali and Arabic | ||
| 082 |
_a297.215 _bALA 2014 |
||
| 100 | _aআল-আশকার, উমার সুলাইমান | ||
| 245 |
_aফিরিশতা জগৎ / _cউমার সুলাইমান আল-আশকার এবং অনুবাদক আব্দুল হামীদ ফাইযী |
||
| 260 |
_aঢাকা : _bতাওহীদ পাবলিকেশন্স, _c২০১৪. |
||
| 300 |
_a১৪৩ পৃ. : _c১৯ সেমি. |
||
| 504 | _aগ্রন্থপঞ্জি অর্ন্তভূক্ত | ||
| 650 |
_aAngels _xIslam |
||
| 700 | _aফাইযী, আবদুল হামীদ | ||
| 942 |
_2ddc _cBK |
||